01172nam a22003257a 4500003000900000005001700009007000300026008003000029020001500059040003000074082002700104100004400131245010800175264004100283300004400324336002800368337003500396338003000431490003400461590002600495650004400521650001400565650001300579700004000592710001100632910004100643942001200684952013300696999001700829DO-SdBPM20251218112817.0ta161206b2005 sp a 00| 0 spa d a9687854782 aDO-SdBPMbspacBPMSUerda 4a152.47bL624t 20052221 aLescano, Osvaldo Rubén4aut. eautor 10aConociendo nuestra emociones :b la tristeza /cOsvaldo Rubén Lescano ; ilustraciones Sandra Lescano aBarcelona :bLexus Editores , c2005 a23 páginas :bilustraciones,c24 cm. atexto btxt2rdacontent asin mediación bn2rdamedia  avolumen bnc2rdacarrier 0 aConociendo nuestras emociones aInventariado, 2025/VM 7aSentimientos xAspectos psicológicos. 7aEmociones 7aTristeza1 aLavandeira, Sandra,eilustraciones  aLexus  aVMateo V. Control de calidad. BPMSU  2ddccBK 00102ddc708CI-GaBPMETbBPMETd2016-12-06eCOMPRAl0oBPMSU CGI 152.47 L624t 2005 pBPMSU16120146r2016-12-06w2016-12-06yBK c12300d12300